Využitie a charakteristika DSGE modelov Týždeň vedy 2014
Salvato in:
| Autore principale: | |
|---|---|
| Ente Autore: | |
| Natura: | Libro |
| Lingua: | slovacco |
| Pubblicazione: |
Bratislava
2014
|
| Soggetti: | |
| Tags: |
Nessun Tag, puoi essere il primo ad aggiungerne!!
|
MARC
| LEADER | 00000nam a2200000 4500 | ||
|---|---|---|---|
| 001 | 0197355 | ||
| 005 | 20240514075811.5 | ||
| 041 | 0 | |a slo | |
| 044 | |a SK | ||
| 245 | 1 | 0 | |a Využitie a charakteristika DSGE modelov |b Týždeň vedy 2014 |c Martin Benkovič |
| 264 | 1 | |a Bratislava |c 2014 | |
| 300 | |a [13 s., 2,47 NS] | ||
| 610 | 2 | 0 | |a modely DSGE |
| 610 | 2 | 0 | |a modely ekonometrické |
| 100 | 1 | |a Benkovič, Martin | |
| 710 | 2 | |a Fakulta hospodárskej informatiky EU. Katedra operačného výskumu a ekonometrie | |